| 000 | nam a22 7a 4500 | ||
|---|---|---|---|
| 999 |
_c29222 _d29221 |
||
| 003 | OSt | ||
| 005 | 20170611212039.0 | ||
| 008 | 170611b xxu||||| |||| 00| 0 eng d | ||
| 020 | _a0972330003 | ||
| 040 |
_aMMU _beng _cMMU _dMMU |
||
| 050 | _aHD4326.C667 2002 | ||
| 245 |
_aTRM:Competing talent: _bAn Anthology for the talent-focused enterprise/ |
||
| 260 |
_aNew York: _bBrassRing, _c2002. |
||
| 300 | _axii328 p,; | ||
| 650 | _acompeting | ||
| 942 |
_2lcc _cLOAN LOAN |
||